00759nam a2200157 a 450000100100000000500170001000800410002704000250006811000860009324501240017926000640030330000410036704900090040895201670041799900170058400003338620200930070225.0110825s1928 dr acd 000 0 spa d aDO-SdBNPbspacBNPHU1 aRepública DominicanabSecretaría de Estado de Fomento y Comunicaciones95895810aMemoria correspondiente al año 1927 que al ciudadano presidente de la República presenta el Sr. Andrés Pastoriza. cSanto Domingo :bImprenta Viuda García, Sucesores,c1928. av. :bil., gráf., retrs. ;c29 cm. aBNPD 001050718RVaPDbPDcCTd2011-08-25iLF1l0o p33386-10r2020-06-25w2020-06-25y1zPerteneció a la biblioteca personal de Julio Ortega Frier.ZNo se presta c32877d32877